| 000 | 00614nam a2200217 a 4500 | ||
|---|---|---|---|
| 001 | 000038536 | ||
| 003 | DO-SdBNP | ||
| 005 | 20220422135058.0 | ||
| 007 | ta | ||
| 008 | 130412s1994 dr ac 000 0 spa d | ||
| 040 |
_aDO-SdBNP _bspa _cBNPHU |
||
| 082 | 4 | _222 | |
| 100 | 1 |
_aSánchez, Florencio _964877 |
|
| 245 | 1 | 0 |
_aM´ hijo el dotor / _cFlorencio Sánchez. |
| 260 |
_aSanto Domingo : _bAlfa y Omega, _c1994. |
||
| 300 |
_a120 p. : _bils., retrs. ; _c22 cm. |
||
| 500 | _aIncluye notas al pie de las páginas | ||
| 504 | _aBibliografía : p. 119-120 | ||
| 590 | _aInventariado, 2022/BT | ||
| 942 |
_2ddc _cLBS1 |
||
| 999 |
_c38026 _d38026 |
||